[Event "Sharjah op blitz"]
[Site "Sharjah"]
[Date "2018.05.25"]
[Round "3"]
[White "Matutina, Mark"]
[Black "Landa, Konstantin"]
[Result "0-1"]
[WhiteElo "1777"]
[BlackElo "2616"]
[PlyCount "80"]
[EventDate "2018.05.25"]
[EventType "swiss (blitz)"]
[EventRounds "9"]
[EventCountry "UAE"]
[SourceTitle "CBM 184 Extra"]
[Source "ChessBase"]
[SourceDate "2018.06.28"]
[SourceVersion "1"]
[SourceVersionDate "2018.06.28"]
[SourceQuality "1"]

1. c4 e5 2. g3 c6 3. Bg2 d5 4. cxd5 cxd5 5. d3 Nc6 6. Nf3 Bd6 7. 0-0 Nge7 8. Nc3 0-0 9. a3 a6 10. b4 f6 11. Bb2 Be6 12. Rc1 Rc8 13. Na4 d4 14. Nc5 Bxc5 15. Rxc5 Qd7 16. Nd2 b6 17. Rc1 Nd5 18. Nc4 Rb8 19. Rc2 Na7 20. Qa1 Nb5 21. Rfc1 Rfd8 22. e3 dxe3 23. fxe3 Ne7 24. a4 Nd6 25. Nxd6 Qxd6 26. d4 exd4 27. Bxd4 Bd5 28. e4 Bxe4 29. Bxe4 Qxd4+ 30. Qxd4 Rxd4 31. Rc4 Rbd8 32. Kf2 Rd2+ 33. Ke3 Rxh2 34. Rc7 Nd5+ 35. Bxd5+ Rxd5 36. Ra7 h5 37. Rcc7 Rg5 38. a5 bxa5 39. bxa5 Ra2 40. Rxa6 Raxa5 0-1

[Event "Sharjah op rapid"]
[Site "Sharjah"]
[Date "2014.07.05"]
[Round "2"]
[White "Matutina, Mark"]
[Black "Al Mallahi, Dawood"]
[Result "1-0"]
[WhiteElo "2048"]
[BlackElo "1534"]
[PlyCount "59"]
[EventDate "2014.07.05"]
[EventType "swiss (rapid)"]
[EventRounds "9"]
[EventCountry "UAE"]
[SourceTitle "CBM 161 Extra"]
[Source "ChessBase"]
[SourceDate "2014.08.29"]
[SourceVersion "1"]
[SourceVersionDate "2014.08.29"]
[SourceQuality "1"]

1. c4 g6 2. Nc3 Bg7 3. e4 c5 4. Nge2 Nc6 5. g3 e6 6. Bg2 Nge7 7. 0-0 b6 8. d3 Bb7 9. Be3 0-0 10. Qd2 Ne5 11. h3 d5 12. exd5 exd5 13. Bh6 Bxh6 14. Qxh6 Nxd3 15. Qd2 Ne5 16. cxd5 Nc4 17. Qc1 Qd7 18. b3 Ne5 19. Rd1 Rfd8 20. f4 Nf3+ 21. Bxf3 Qxh3 22. Qe3 Nf5 23. Qf2 h5 24. Ne4 h4 25. Bg2 hxg3 26. Bxh3 gxf2+ 27. Kxf2 Bxd5 28. Bxf5 gxf5 29. Nf6+ Kg7 30. Nxd5 1-0